000
00297nam a2200121Ia 4500
008
220204s9999 xx 000 0 und d
082
_a
82-12
_b
ROB
245
0
_a
Faber book of modern verse
250
_a
Ed.3
260
_a
London
_b
Faber and Faber
_c
1936
700
_a
Roberts, Michael
942
_c
BK
999
_c
33226
_d
33226